书目信息 |
| 题名: |
普通物理学思考题与习题解答
|
|
| 作者: | 黄伯坚 主编 | |
| 分册: | ||
| 出版信息: | 武汉 华中科技大学出版社 2005.04 |
|
| 页数: | 475页 | |
| 开本: | 20cm | |
| 丛书名: | 经典教材辅导用书 | |
| 单 册: | ||
| 中图分类: | O4 | |
| 科图分类: | ||
| 主题词: | 普通物理学--pu tong wu li xue--高等学校 | |
| 电子资源: | ||
| ISBN: | 7-5609-3356-4 | |
| 000 | 00894nam 2200241 450 | |
| 001 | 012006236875 | |
| 005 | 20061205153032.53 | |
| 010 | @a7-5609-3356-4@dCNY20.00 | |
| 100 | @a20061103d2005 km y0chiy0120 ea | |
| 101 | 0 | @achi |
| 102 | @aCN@b420000 | |
| 105 | @aa z 000yy | |
| 200 | 1 | @a普通物理学思考题与习题解答@Apu tong wu li xue si kao ti yu xi ti jie da@f黄伯坚主编@Fhuang bo jian zhu bian |
| 210 | @a武汉@c华中科技大学出版社@d2005.04 | |
| 215 | @a475页@c图@d20cm | |
| 225 | 2 | @a经典教材辅导用书@Ajing dian jiao cai fu dao yong shu |
| 330 | @a全书共十六章,每章分为“知识要点”、“思考题解答”和“习题解答”等部分。在书中对多数题指出了解题思路,复杂的还进行了必要的讨论。 | |
| 410 | 0 | @12001 @a经典教材辅导用书 |
| 606 | 0 | @a普通物理学@Apu tong wu li xue@x高等学校 |
| 690 | @aO4@v4 | |
| 701 | 0 | @a黄伯坚@Ahuang bo jian@4主编 |
| 801 | 0 | @aCN@c20061205 |
| 905 | @a10447@dO4@eH802 | |
| 普通物理学思考题与习题解答/黄伯坚主编.-武汉:华中科技大学出版社,2005.04 |
| 475页:图;20cm.-(经典教材辅导用书) |
| ISBN 7-5609-3356-4:CNY20.00 |
| 全书共十六章,每章分为“知识要点”、“思考题解答”和“习题解答”等部分。在书中对多数题指出了解题思路,复杂的还进行了必要的讨论。 |
| ● |
| 相关链接 |
|
|
|
正题名:普通物理学思考题与习题解答
索取号:O4/H802
 
预约/预借
| 序号 | 登录号 | 条形码 | 馆藏地/架位号 | 状态 | 备注 |
| 1 | 225428 | 202254283 | 自科库401/401自科库 84排2列2层/ [索取号:O4/H802] | 在馆 | |
| 2 | 225429 | 202254292 | 自科库401/401自科库 84排2列2层/ [索取号:O4/H802] | 在馆 | |
| 3 | 225430 | 202254309 | 自科库401/401自科库 84排2列2层/ [索取号:O4/H802] | 在馆 |